| 000 | 00557nam a22001817a 4500 | ||
|---|---|---|---|
| 008 | 161007b xxu||||| |||| 00| 0 eng d | ||
| 020 | _a0721617573 | ||
| 050 | _aQM 551 .B56 1975 | ||
| 100 | _aBloom, Wlliams | ||
| 245 |
_aA Textbook of Histology/ _cWilliam Bloom and Don W. Fawcett |
||
| 250 | _a10th ed. | ||
| 260 |
_aPhiladelphia: _bW. B. Saunders Company, _c1975 |
||
| 300 |
_axv, 1033p.: _bill.; |
||
| 500 | _aIncludes bibliographies. | ||
| 650 | _aHistology | ||
| 700 | _aFwcett, Don W. | ||
| 942 |
_2lcc _cBOOKS _hQM 551 .B56 1975 |
||
| 999 |
_c14734 _d14734 |
||